|
|
|
|
| LEADER |
00000cam a2200000 7i4500 |
| 001 |
0000052707 |
| 005 |
20220105104157.0 |
| 008 |
151005 |
| 020 |
|
|
|a 9789675470011
|
| 020 |
|
|
|a 9789675470080 (set)
|
| 090 |
0 |
0 |
|a MOR
|b MAL
|
| 100 |
1 |
|
|a Izan Hazes
|
| 245 |
1 |
0 |
|a Gelagat monyet
|c Izan Hazes
|
| 260 |
|
|
|a Pahang :
|b Dian Enterprise ,
|c 2010
|
| 490 |
1 |
|
|a Siri cerita dinamik
|
| 500 |
|
|
|a Children age 4-6 years old (yellow)
|
| 650 |
|
0 |
|a Children's
|x Fiction...
|
| 650 |
|
0 |
|a Moral stories
|x Malay.
|
| 999 |
|
|
|a 0000109296
|b Book
|c Children Collection
|e Cawangan Bukit Gambir
|
| 999 |
|
|
|a 0001091081
|b Book
|c Children Collection
|e Cawangan Bukit Gambir
|
| 999 |
|
|
|a 0001091089
|b Book
|c Children Collection
|e Cawangan Taman Sri Lambak
|
| 999 |
|
|
|a 0001091100
|b Book
|c Children Collection
|e Cawangan Segamat
|
| 999 |
|
|
|a 0001091121
|b Book
|c Children Collection
|e Cawangan Pontian
|
| 999 |
|
|
|a 0001091137
|b Book
|c Children Collection
|e Cawangan Bandar Penawar
|
| 999 |
|
|
|a 0001091145
|b Book
|c Children Collection
|e Cawangan Bandar Penawar
|
| 999 |
|
|
|a 0001091161
|b Book
|c Children Collection
|e Cawangan Mersing
|
| 999 |
|
|
|a 0001091169
|b Book
|c Children Collection
|e Cawangan Pontian
|
| 999 |
|
|
|a 0001091177
|b Book
|c Children Collection
|e Cawangan Tmn. Ungku Tun Aminah
|
| 999 |
|
|
|a 0001091185
|b Book
|c Children Collection
|e Cawangan Taman Universiti
|
| 999 |
|
|
|a 0001091225
|b Book
|c Children Collection
|e Cawangan Tangkak
|
| 999 |
|
|
|a 0001091241
|b Book
|c Children Collection
|e Cawangan Taman Sri Lambak
|
| 999 |
|
|
|a 0001091249
|b Book
|c Children Collection
|e Cawangan Segamat
|
| 999 |
|
|
|a 0001092769
|b Book
|c Children Collection
|e Cawangan Taman Universiti
|
| 999 |
|
|
|a 0001092785
|b Book
|c Children Collection
|e Cawangan Bandar Tenggara
|
| 999 |
|
|
|a 0001092788
|b Book
|c Children Collection
|e Cawangan Taman Universiti
|
| 999 |
|
|
|a 0001092827
|b Book
|c Children Collection
|e Cawangan Taman Sri Lambak
|
| 999 |
|
|
|a 0001092857
|b Book
|c Children Collection
|e Cawangan Pontian
|
| 999 |
|
|
|a 0001092873
|b Book
|c Children Collection
|e Cawangan Segamat
|
| 999 |
|
|
|a 0001092881
|b Book
|c Children Collection
|e Cawangan Bandar Penawar
|
| 999 |
|
|
|a 0001092890
|b Book
|c Children Collection
|e Cawangan Segamat
|
| 999 |
|
|
|a 0001092913
|b Book
|c Children Collection
|e Cawangan Tangkak
|
| 999 |
|
|
|a 0001092953
|b Book
|c Children Collection
|e Cawangan Mersing
|
| 999 |
|
|
|a 0001092961
|b Book
|c Children Collection
|e Cawangan Pontian
|
| 999 |
|
|
|a 0001092966
|b Book
|c Children Collection
|e Cawangan Bukit Gambir
|
| 999 |
|
|
|a 0001311486
|b Book
|c Children Collection
|e Cawangan Batu Pahat
|
| 999 |
|
|
|a 0001469012
|b Book
|c Children Collection
|e Cawangan Tmn. Ungku Tun Aminah
|
| 999 |
|
|
|a 0001718087
|b Book
|c Children Collection
|e Cawangan Bandar Penawar
|